000 01405nam a22004337a 4500
001 BR2010005832
003 BR-BrBNA
005 20230928103553.0
007 ta
008 230509b bl.||||| |||| 00| 0 por d
040 _aBR-BrBNA
_bpor
_cBiblioteca Nacional de Agricultura
041 _a(Eng, Por)
072 _aP01; P05
_b0230
090 _ 0230 BR2010005832
100 1 _aIvo, W.M.P. de M. (ed.)
100 1 _aSilva, A.A.G. da (ed.)
100 1 _aMota, D.M. (ed.)
100 1 _aFernandes, M.F. (ed.)
110 1 _aEMBRAPA Tabuleiros Costeiros, Aracaju, SE (Brasil)
111 1 _aWorkshop sobre Avaliação e Manejo de Recursos Naturais em Área de Exploração da Cana- de Acúçar
_d11- 13 Nov 1997
245 1 _aWorkshop sobre avaliação e manejo dos recursos naturais em área de exploração da cana- de açúcar
260 3 _aAracaju, SE (Brasil):
_c1997.
300 _a120 p.
500 _aSeveral bibliographies.; 10 illus.; 27 tables
650 _aCANA DE AÇÚCAR
650 _aRECURSO NATURAL
650 _aIMPACTO AMBIENTAL
650 _aVINHAÇA
650 _aFERTILIZANTE NITROGENADO
650 _aUMIDADE DO SOLO
650 _aRESÍDUO INDUSTRIAL
650 _aRESÍDUO SÓLIDO
650 _aMÉTODO
650 _aDEPRESSÃO ECONÔMICA
650 _aÁLCOOL
650 _aPRODUTIVIDADE
909 _a202309
_bLucia
_c55
_dLucia Elande
942 _cBK
999 _c75651
_d75651